Wszystkie Piosenki The Beatles - Statystyki

Ogólne statystyki
  • Ten quiz został rozwiązany 12 razy
  • Średni wynik to 38 z 229
Statystyki odpowiedzi
Album Piosenka % Poprawnych
Let It Be Let It Be
100%
Revolver | Yellow Submarine Yellow Submarine
100%
Help! Help!
90%
A Hard Day's Night A Hard Day's Night
80%
Single Hey Jude
70%
Help! Yesterday
70%
Revolver Eleanor Rigby
60%
Abbey Road Here Comes the Sun
60%
Please Please Me Love Me Do
60%
Please Please Me Please Please Me
60%
Abbey Road Something
60%
Abbey Road Come Together
50%
The Beatles (White Album) Ob-La-Di, Ob-La-Da
50%
With the Beatles All My Loving
40%
The Beatles (White Album) Blackbird
40%
Let It Be Dig a Pony
40%
Rubber Soul Drive My Car
40%
Abbey Road I Want You (She's So Heavy)
40%
Abbey Road Maxwell's Silver Hammer
40%
Rubber Soul Michelle
40%
With the Beatles Money (That's What I Want)
40%
Rubber Soul Norwegian Wood (This Bird Has Flown)
40%
Abbey Road Octopus's Garden
40%
Sgt. Pepper's Lonely Hearts Club Band Sgt. Pepper's Lonely Hearts Club Band
40%
Single She Loves You
40%
Please Please Me Twist and Shout
40%
Sgt. Pepper's Lonely Hearts Club Band A Day in the Life
30%
Magical Mystery Tour | Yellow Submarine All You Need Is Love
30%
A Hard Day's Night And I Love Her
30%
Please Please Me Anna (Go to Him)
30%
The Beatles (White Album) Back in the USSR
30%
Let It Be Dig It
30%
Single Don't Let Me Down
30%
Beatles For Sale Eight Days a Week
30%
Let It Be Get Back
30%
Abbey Road Golden Slumbers
30%
Yellow Submarine Hey Bulldog
30%
Magical Mystery Tour I Am the Walrus
30%
Let It Be I Me Mine
30%
Rubber Soul In My Life
30%
Please Please Me I Saw Her Standing There
30%
Magical Mystery Tour Magical Mystery Tour
30%
Sgt. Pepper's Lonely Hearts Club Band She's Leaving Home
30%
Magical Mystery Tour Strawberry Fields Forever
30%
Revolver Taxman
30%
Sgt. Pepper's Lonely Hearts Club Band When I'm Sixty-Four
30%
The Beatles (White Album) While My Guitar Gently Weeps
30%
Sgt. Pepper's Lonely Hearts Club Band With a Little Help from My Friends
30%
Let It Be Across the Universe
20%
Help! Act Naturally
20%
Yellow Submarine All Together Now
20%
Please Please Me A Taste of Honey
20%
Abbey Road Because
20%
The Beatles (White Album) Birthday
20%
Please Please Me Boys
20%
Abbey Road Carry That Weight
20%
Please Please Me Chains
20%
The Beatles (White Album) Dear Prudence
20%
Please Please Me Do You Want to Know a Secret
20%
Let It Be For You Blue
20%
Rubber Soul Girl
20%
The Beatles (White Album) Good Night
20%
Magical Mystery Tour Hello, Goodbye
20%
Abbey Road Her Majesty
20%
Single I Feel Fine
20%
A Hard Day's Night If I Fell
20%
Beatles For Sale Kansas City / Hey-Hey-Hey!
20%
Single Lady Madonna
20%
With the Beatles Little Child
20%
Beatles For Sale No Reply
20%
Let It Be One After 909
20%
Beatles For Sale Rock and Roll Music
20%
Rubber Soul Run for Your Life
20%
Sgt. Pepper's Lonely Hearts Club Band Sgt. Pepper's Lonely Hearts Club Band (Reprise)
20%
Abbey Road She Came In Through the Bathroom Window
20%
A Hard Day's Night Tell Me Why
20%
Single The Ballad of John and Yoko
20%
Abbey Road The End
20%
Help! The Night Before
20%
Rubber Soul The Word
20%
Help! Ticket to Ride
20%
Revolver Tommorow Never Knows
20%
Let It Be Two of Us
20%
Rubber Soul Wait
20%
Rubber Soul What Goes On
20%
The Beatles (White Album) Yer Blues
20%
Help! You're Going to Lose That Girl
20%
Help! You've Got to Hide Your Love Away
20%
With the Beatles All I've Got to Do
10%
Revolver And Your Bird Can Sing
10%
Help! Another Girl
10%
A Hard Day's Night Any Time at All
10%
Please Please Me Ask Me Why
10%
Please Please Me Baby It's You
10%
Beatles For Sale Baby's in Black
10%
A Hard Day's Night Can't Buy Me Love
10%
Single Day Tripper
10%
Help! Dizzy Miss Lizzy
10%
Beatles For Sale Every Little Thing
10%
Revolver For No One
10%
Single From Me to You
10%
The Beatles (White Album) Glass Onion
10%
Revolver Good Day Sunshine
10%
Sgt. Pepper's Lonely Hearts Club Band Good Morning Good Morning
10%
Revolver Got to Get You into My Life
10%
The Beatles (White Album) Hapiness Is a Warm Gun
10%
The Beatles (White Album) Helter Skelter
10%
Revolver Here, There and Everywhere
10%
Beatles For Sale Honey Don't
10%
The Beatles (White Album) Honey Pie
10%
Beatles For Sale I Don't Want to Spoil the Party
10%
A Hard Day's Night I'll Be Back
10%
Beatles For Sale I'll Follow the Sun
10%
Single I'll Get You
10%
Beatles For Sale I'm a Loser
10%
Single I'm Down
10%
A Hard Day's Night I'm Happy Just to Dance With You
10%
Revolver I'm Only Sleeping
10%
Help! I Need You
10%
A Hard Day's Night I Should Have Known Better
10%
Yellow Submarine It's All Too Much
10%
Help! It's Only Love
10%
With the Beatles It Won't Be Long
10%
Let It Be I've Got a Feeling
10%
With the Beatles I Wanna Be Your Man
10%
Single I Want to Hold Your Hand
10%
The Beatles (White Album) Julia
10%
The Beatles (White Album) Long, Long, Long
10%
Revolver Love You To
10%
Let It Be Maggie Mae
10%
The Beatles (White Album) Martha My Dear
10%
Abbey Road Mean Mr. Mustard
10%
Please Please Me Misery
10%
The Beatles (White Album) Mother Nature's Son
10%
Beatles For Sale Mr. Moonlight
10%
Single Now and Then
10%
Rubber Soul Nowhere Man
10%
Abbey Road Oh! Darling
10%
Single Paperback Writer
10%
Magical Mystery Tour Penny Lane
10%
Yellow Submarine Pepperland
10%
The Beatles (White Album) Piggies
10%
With the Beatles Please Mister Postman
10%
Single Rain
10%
Single Revolution
10%
The Beatles (White Album) Revolution 9
10%
The Beatles (White Album) Rocky Racoon
10%
With the Beatles Roll Over Beethoven
10%
The Beatles (White Album) Sexy Sadie
10%
Revolver She Said, She Said
10%
Abbey Road Sun King
10%
Help! Tell Me What You See
10%
Magical Mystery Tour The Fool on the Hill
10%
Rubber Soul Think For Yourself
10%
With the Beatles Till There Was You
10%
Single We Can Work It Out
10%
Beatles For Sale What You're Doing
10%
A Hard Day's Night When I Get Home
10%
The Beatles (White Album) Wild Honey Pie
10%
Beatles For Sale Words of Love
10%
A Hard Day's Night You Can't Do That
10%
Help! You Like Me Too Much
10%
Abbey Road You Never Give Me My Money
10%
Rubber Soul You Won't See Me
10%
Single Ain't She Sweet
0%
Magical Mystery Tour Baby You're a Rich Man
0%
Sgt. Pepper's Lonely Hearts Club Band Being for the Benefit of Mr. Kite!
0%
Magical Mystery Tour Blue Jay Way
0%
Single Christmas Time (Is Here Again)
0%
The Beatles (White Album) Cry Baby Cry
0%
Single Cry for a Shadow
0%
With the Beatles Devil in Her Heart
0%
Revolver Doctor Robert
0%
With the Beatles Don't Bother Me
0%
The Beatles (White Album) Don't Pass Me By
0%
The Beatles (White Album) Everybody's Got Something to Hide Except Me and My Monkey
0%
Beatles For Sale Everybody's Trying to Be My Baby
0%
Sgt. Pepper's Lonely Hearts Club Band Fixing a Hole
0%
Magical Mystery Tour Flying
0%
Single Free as a Bird
0%
Sgt. Pepper's Lonely Hearts Club Band Getting Better
0%
With the Beatles Hold Me Tight
0%
Single If You Love Me Baby
0%
Rubber Soul If You Need Someone
0%
A Hard Day's Night I'll Cry Instead
0%
Rubber Soul I'm Looking Through You
0%
The Beatles (White Album) I'm So Tired
0%
Help! I've Just Seen a Face
0%
Revolver I Want to Tell You
0%
The Beatles (White Album) I Will
0%
Sgt. Pepper's Lonely Hearts Club Band Lucy in the Skies with Diamonds
0%
Yellow Submarine March of the Meanies
0%
Single Matchbox
0%
Single My Bonnie
0%
Single Nobody's Child
0%
With the Beatles Not a Second Time
0%
Single Old Brown Shoe
0%
Yellow Submarine Only a Northern Song
0%
Yellow Submarine Pepperland Laid Waste
0%
Abbey Road Polythyne Pam
0%
Please Please Me P.S I Love You
0%
Single Real Love
0%
The Beatles (White Album) Revolution 1
0%
The Beatles (White Album) Savoy Truffle
0%
Yellow Submarine Sea of Holes
0%
Yellow Submarine Sea of Monsters
0%
Yellow Submarine Sea of Time
0%
Single She's a Woman
0%
Single Slow Down
0%
Single Sweet Georgia Brown
0%
Single Take out Some Insurance on Me, Baby
0%
Single Thank You Girl
0%
The Beatles (White Album) The Continuing Story of Bungalow Bill
0%
Single The Inner Light
0%
Let It Be The Long and Winging Road
0%
Please Please Me There's a Place
0%
Single The Saints
0%
A Hard Day's Night Things We Said Today
0%
Single This Boy
0%
Single Why
0%
The Beatles (White Album) Why Don't We Do It in the Road?
0%
Sgt. Pepper's Lonely Hearts Club Band Within You Without You
0%
Yellow Submarine Yellow Submarine in Pepperland
0%
Single Yes It Is
0%
Single You Know My Name (Look up the Number)
0%
With the Beatles You Really Got a Hold on Me
0%
Magical Mystery Tour Your Mother Should Know
0%
Nie znaleziono quizów pasujących do podanych kryteriów
Rozkład punktacji
Procent ludzi z każdym wynikiem
Percentyl według liczby udzielonych odpowiedzi
Twoja historia wyników
Nie rozwiązałeś tego quizu